Normal view
MARC view
- Waleed Shabbir
Entry Personal Name
001 - CONTROL NUMBER
- control field: 92171
003 - CONTROL NUMBER IDENTIFIER
- control field: NUST
005 - DATE AND TIME OF LATEST TRANSACTION
- control field: 20220702132219.0
008 - FIXED-LENGTH DATA ELEMENTS
- fixed length control field: 220702|| aca||aabn | a|a d
040 ## - CATALOGING SOURCE
- Original cataloging agency: NUST
- Transcribing agency: NUST
100 ## - HEADING--PERSONAL NAME
- Personal name: Waleed Shabbir
670 ## - SOURCE DATA FOUND
- Source citation: Work cat.: (NUST)12909: Muhammad Ahmad Khurshid 92169, Learners Aid Economy: Social Simulation Game Learning Application, 2014
